|
|
|
|
| LEADER |
01329nam a22003017a 4500 |
| 001 |
32937 |
| 003 |
BD-DhAAL |
| 005 |
20180412152822.0 |
| 008 |
180412t2016 bg a|||| b||| 001 0 ben d |
| 999 |
|
|
|c 39238
|d 39238
|
| 020 |
|
|
|a 9789842003691
|
| 040 |
|
|
|a BD-DhAAL
|
| 041 |
|
|
|a BEN
|a ENG
|
| 082 |
|
|
|a 891.4414
|
| 100 |
|
|
|a ঠাকুর, রবীন্দ্রনাথ
|9 25485
|
| 245 |
|
|
|a গীতাঞ্জলি /
|c রবীন্দ্রনাথ ঠাকুর, ভূমিকা আনিসুজ্জামান
|
| 246 |
|
|
|a Gitanjali
|
| 260 |
|
|
|a ঢাকা :
|b অ্যাডর্ন পাবলিকেশন,
|c c২০১৬
|
| 300 |
|
|
|a ৩৬৩ পৃষ্ঠা :
|b চিত্র ;
|c ২১ সে.মি.
|
| 500 |
|
|
|a Poetry.
|
| 504 |
|
|
|6 বিবলিওগ্রাফী ও ইনডেক্স অন্তর্ভূক্ত
|
| 526 |
|
|
|a AAL
|
| 541 |
|
|
|a Adorn Publication
|e 32973
|
| 600 |
|
|
|a Tagore, Rabindranath,
|d 1861-1941.
|9 25486
|
| 700 |
|
|
|a আনিসুজ্জামান
|9 25487
|
| 852 |
|
|
|a Ayesha Abed Library
|c General Stacks
|
| 942 |
|
|
|2 ddc
|c BK
|
| 952 |
|
|
|0 0
|1 0
|2 ddc
|4 0
|6 891_441400000000000_TAG
|7 0
|9 63141
|a BRACUL
|b BRACUL
|c GEN
|d 2018-04-11
|e Adorn Publication
|g 470.00
|l 17
|m 103
|o 891.4414 TAG
|p 3010032973
|r 2025-11-06
|s 2025-11-01
|t 1
|v 670.00
|w 2018-04-11
|y BK
|